000 00722nam a22002297a 4500
005 20170124110206.0
010 _aB-017588
020 _c00.00
_a8125906363
035 _aB-017588
037 _bCen Lib/Ret
040 _aDPL
_bEN
082 _a000
_bSUR
100 _aSurana, D. K.
_940947
245 _aStudy guide :
_cby D. K. Surana [and] K. Guruswamy
_bcompany secretaries group I intermediate examinations /
260 _bVikas Publishing House
_aNew Delhi
_c1999
270 _bNew Delhi
_a5, Ansari Road, Darya Ganj
_e110002
300 _a704p.
_c25cm(Hb)
650 _aManagement
_93072
650 _aGeneral laws
_937332
700 _aGuruswamy, K.
_937333
942 _2ddc
_cEN
_h000
_mSUR
999 _c133245
_d133245